header

The Yo-yo yen (Record no. 58143)

MARC details
000 -LEADER
fixed length control field 01205nam a2200313Ia 4500
082 04 - DEWEY DECIMAL CLASSIFICATION NUMBER
Classification number 332.4/952
100 1# - MAIN ENTRY--AUTHOR NAME
Personal name Brown, Brendan,
245 14 - TITLE STATEMENT
Title The Yo-yo yen
260 ## - PUBLICATION, DISTRIBUTION, ETC. (IMPRINT)
Place of publication New York :
Name of publisher Palgrave,
Year of publication 2002.
300 ## - PHYSICAL DESCRIPTION
Number of Pages xxxvi, 259 p. :
Other physical details ill., charts.
650 #0 - SUBJECT ADDED ENTRY--TOPICAL TERM
Topical Term Yen, Japanese
Topical Term Money
Topical Term Monetary policy
856 40 - ELECTRONIC LOCATION AND ACCESS
Uniform Resource Identifier http://site.ebrary.com/lib/rucke/Doc?id=10039009

No items available.

© 2026 Rongo University
Contact us: librarian | system librarian | Rongo university